Eero Saarinen /

Salvato in:
Dettagli Bibliografici
Autore principale: Merkel, Jayne (Autore)
Natura: Libro
Lingua:inglese
Pubblicazione: London Phaidon Press Limited 2014
Edizione:3. vydanie
Soggetti:
Tags: Aggiungi Tag
Nessun Tag, puoi essere il primo ad aggiungerne!!

MARC

LEADER 00000nam a22000003a 4500
001 0004497
003 SK-STU
005 20150617230329.6
007 ta
008 150507s ----xo-----e------000-0-----d
020 |a 978-0-7148-6592-8 
040 |a STU  |b slo 
041 0 |a eng 
044 |a xxk 
100 1 |a Merkel, Jayne  |r Z6  |4 aut 
245 1 0 |a Eero Saarinen /  |c aut. Jayne Merkel 
250 |a 3. vydanie 
260 |a London  |b Phaidon Press Limited  |c 2014 
300 |a 256 s. 
650 0 7 |a Saarinen, Eero 
650 0 7 |a American postwar period 
650 0 7 |a Americké povojnové obdobie 
996 |b 284AU06419  |c A* 9247/U  |l AAKNAR  |s A  |a 24  |w 0004497_0001